01018nam a2200277 i 4500001001000000003000900010005001700019007000300036008004100039040003000080041000800110082002400118100005000142245008600192264006800278300002800346336002700374337003300401338002800434490003200462500007000494586007700564650002200641650002700663700005000690000012528DO-SdBNP20251008134321.0ta091113s1982 dr r 000 f spa d aDO-SdBNPbspacBNPHUerda aspa 4aRD863.44bM524v2221 aMella Chavier, Georgilio,d1923-eautor4aut.10aVicente y la soledad /cGeorgilio Mella Chavier ; edición, Freddy Gatón Arce. 1aSanto Domingo, República Dominicana :bEditora Taller,c1982. a240 páginas ;c23 cm. ardacontentbtexto2txt ardamediabsin mediación2n ardacarrierbvolumen2nc0 aColección Literatura ;v4 aIncluye datos biográficos del autor en la solapa de la cubierta aObra merecedora del premio Siboney de literatura correspondiente al 1981 4aNovela dominicana 4aLiteratura dominicana.1 aGatón Arce, Freddy,d1920-1994eeditor4ed.